Passaportes mais fortes do mundo - Statistics

Estatísticas Gerais
  • Esse quiz foi jogado 46 vezes
  • A pontuação média é 38 de 50
Estatísticas das Respostas
Posição Acessos País / Território % Correto
16º 170 Brasil
98%
184 Canadá
98%
189 França
98%
10º 182 Estados Unidos
95%
190 Japão
95%
188 Portugal
95%
189 Alemanha
93%
185 Austrália
93%
190 Coreia do Sul
93%
189 Dinamarca
93%
16º 170 Argentina
91%
189 Espanha
91%
189 Finlândia
91%
189 Itália
91%
186 Reino Unido
91%
10º 182 Islândia
89%
188 Países Baixos
89%
187 Suíça
89%
189 Irlanda
86%
188 Noruega
86%
188 Suécia
86%
188 Bélgica
82%
187 Nova Zelândia
82%
185 Polônia
82%
14º 176 Chile
80%
188 Luxemburgo
80%
188 Áustria
77%
187 Grécia
75%
183 Croácia
73%
183 Eslováquia
70%
183 Eslovênia
70%
183 Letônia
70%
10º 182 Lituânia
70%
184 Estônia
68%
13º 177 Mônaco
68%
193 Singapura
68%
15º 171 Andorra
66%
13º 177 Romênia
66%
184 Emirados Árabes Unidos
64%
11º 181 Liechtenstein
64%
13º 177 Bulgária
61%
185 Hungria
61%
17º 168 Israel
61%
185 Malta
59%
185 República Tcheca
55%
16º 170 San Marino
55%
12º 178 Chipre
50%
11º 181 Malásia
48%
18º 164 Brunei
23%
16º 170 Hong Kong
23%
Nenhum quiz correspondente encontrado
Distribuição das Pontuações
Porcentagem de Pessoas com Cada Pontuação
Percentil de Números Respondidos
Sua Pontuação Histórica
Você não jogou esse quiz